00379nam a2200145Ia 4500008004100000020001800041041000800059082001700067100001900084245003800103250000600141260006500147300001200212650000900224210716s2017 xx 000 0 und d a9789350239209 aeng a005.132 ADLJ aAdler, Joseph. aR: in a nutshell.bIn a nutshell. a2 aBangalorebShroff Publishers and Distributors Pvt Ltdc2017 axix,699 aNone